Strzelcy Premier League w klubach 2023/24 - Statystyki

Ogólne statystyki
  • Ten quiz został rozwiązany 118 razy
  • Średni wynik to 14 z 20
Statystyki odpowiedzi
Klub Narodowość # Nazwisko % Poprawnych
Manchester City Norwegia 27 Erling Håland
100%
Tottenham Hotspur Korea Południowa 17 Heung-min Son
100%
Liverpool Egipt 18 Mohamed Salah
100%
Arsenal Anglia 16 Bukayo Saka
99%
Chelsea Anglia 22 Cole Palmer
98%
Newcastle United Szwecja 21 Alexander Isak
97%
Manchester United Portugalia/Dania 10 Bruno Fernandes/Rasmus Højlund
97%
Aston Villa Anglia 19 Ollie Watkins
90%
West Ham United Anglia 16 Jarrod Bowen
78%
Bournemouth Anglia 19 Dominic Solanke
75%
Brighton Brazylia 9 João Pedro
67%
Wolverhampton Wanderers Brazylia/Korea Południowa 12 Matheus Cunha/Hee-chan Hwang
60%
Nottingham Forest Nowa Zelandia 14 Chris Wood
59%
Crystal Palace Francja 16 Jean-Philippe Mateta
55%
Everton Anglia/Mali 7 Dominic Calvert-Lewin/Abdoulaye Doucouré
49%
Brentford DR Konga 12 Yoane Wissa
44%
Sheffield United Chile/Szkocja 6 Ben Brereton Díaz/Oli McBurnie
35%
Burnley Dania 6 Jacob Bruun Larsen
28%
Fulham Brazylia 9 Rodrigo Muniz
26%
Luton Town Anglia 11 Carlton Morris
19%
Nie znaleziono quizów pasujących do podanych kryteriów
Rozkład punktacji
Procent ludzi z każdym wynikiem
Percentyl według liczby udzielonych odpowiedzi
Twoja historia wyników
Nie rozwiązałeś tego quizu